000 06935nam a22003017a 4500
001 3552
003 FISKH
005 20250530105633.0
008 240320b cb ||||| |||| 00| 0 eng d
040 _aFISKH
_bkhr
_cFISKH
_dFISKH
050 _aPZ7
082 _a895.932
100 _aThok, Oeum
245 _aគូលីកំនែន /
_cអ៊ឹម ថុក.
260 _aភ្នំពេញ :
_bគ្រឹះស្ថានបោះពុម្ពផ្សាយ និងចែកផ្សាយ នៃក្រសួងអប់រំ យុវជន និងកីឡា,
_c២០០១.
300 _a58 pages :
_c22 cm
500 _aអក្សរសិល្ប៍តាមកម្មវិធីសិក្សា
520 _aឆ្នាំ១៩៣៥ នៅភូមិគោកចំបក់ ស្រុកកណ្តាលស្ទឹង ខេត្តកណ្តាលមានការដកហូតងារមេឃុំកឹម រួចហើយលើកបន្តុបពូផាន់ជំនួសវិញ ព្រោះពូផាន់មានទ្រព្យសម្បត្តិច្រើន ពូកែទារពន្ធដារ និងចេះ​​ផ្គាប់ផ្គុនចៅហ្វាយនាយ។ ថ្ងៃអាទិត្យមេឃុំផាន់តែងនាំលោកចៅហ្វាយស្រុកទៅផឹកស៊ី រកស្រីញី ជាពិសេសជាមួយនាងខ្វែននៅភូមិដើមក្រសាំង។ ក្នុងពេលកេណ្ឌពលករឲ្យជប៉ុនម្តងៗ មេឃុំផាន់​បានច្រើនទាំងប្រាក់ និងសគុណ។ ក្នុងរយៈពេលធ្វើការ៥ឆ្នាំ មេឃុំផាន់ទទួលបានមេដាយដល់​ទៅ​ពីរ។ លឹមជាកូនប្រុសរបស់តាង៉ែតយាយម៉ុកត្រូវមេឃុំផាន់កេណ្ឌឲ្យទៅធ្វើព្រលានយន្តហោះ​ពោធិ​ចិនតុង ទោះបីនៅសល់ជាងមួយខែទៀតត្រូវរៀបការក៏ដោយ។ លឹមជាអ្នកបួសរៀនខាងផ្លូវពុទ្ធ​សាសនា គេមានគំនិតជឿនលឿន មានជំនឿសមហេតុផលទៅលើទស្សនៈកម្មផល។ ការយល់​ដឹងការងាររាក់ជ្រៅក្នុងសង្គម លឹមបានយឹមដែលជាឧបាសកខើចជើងនៅបាសាក់ព្រះត្រពាំងជួយ​ណែនាំ។ ពេលទៅកំណែននៅពោធិចិនតុង មេឃុំផាន់ និងលោកចៅហ្វាយស្រុកមានឧបាយកល​អាក្រក់ចង់បាននាងហេងដោយឲ្យយាយចាន់ធ្វើជាមេអណ្តើក។ ការនេះមិនបានសម្រេច មេឃុំ​ផាន់ក៏ប្រើវិធីគំរាមកំហែងថានឹងឲ្យប៉ូលីសមកចាប់នាងហេង។ យល់ហេតុការណ៍មិនស្រួល ពូ​ស្វាយមីងពតក៏នាំនាងហេងយកទៅលាក់ទុកនៅផ្ទះតាង៉ែត យាយម៉ុកក៏ដាច់ចិត្តបររទេះនាំអនា​គតកូនប្រសារគេចទៅលក់អង្ករនៅភ្នំពេញ រង់ចាំថ្ងៃលឹមវិលមកវិញទើបរៀបការតែម្តង។ ជាគ្រោះកាច ពេលយន្តហោះអាមេរិចមកទម្លាក់គ្រាប់បែកលើមូលដ្ឋានទ័ពជប៉ុន ពិសេស​ត្រង់ចេតិយវត្តឧណ្ណលោម តាង៉ែតយាយម៉ុក និងនាងហេងក៏ត្រូវស្លាប់យ៉ាងអណោចអធមដោយ​គ្រាប់បែកនោះទៅ។​ ពេលបញ្ចប់ការងារនៅឯពោធិចិនតុងហើយលឹមក៏វិលត្រឡប់មកភូមិកំណើតវិញ។ ពេល​នោះលឹមត្រូវបាត់បង់នូវអ្វីៗទាំងអស់ ឪពុកម្តាយ គូសង្សារក៏ត្រូវស្លាប់ជាមួយនោះអុងប៉ាងថាវក៏​រឹមអូសដីស្រែ ផ្ទះសំបែង ដើម្បីកាត់សងបំណុលខ្មោចឪពុក។
520 _aIn 1935, in Kork Chambok village, Kandal Steung district, Kandal province, the position of Kem commune chief was revoked and Pu Phan was replaced instead, because Uncle Phan had a lot of wealth, was good at collecting taxes and knew how to please his boss. On Sundays, the commune chief Phan always brings the district chief to drink with women, especially with Kven in Doeum Krasaing village. During the mobilization of workers for Japan, the commune chief Phan got a lot of money and merit. During his five years in office, Phan won two medals.​ Lim, the son of Ta Nget Yeay Mok, was sent to Pochentong Airport by Phan Ken commune chief even though he had more than a month to get married. Lim is a Buddhist monk who has a progressive mind and a rational belief in the concept of karma. A deep understanding of the work in society, Lim Ban Yim, a layman at Bassac Preah Trapeang, guides. When they went to Pochentong, the commune chief Phan and the district chief had a bad plan to get Heng by making Yeay Chan the turtle master. This did not succeed, the commune chief Phan also used the method of threatening to have the police to arrest Heng. Understanding the uncomfortable situation, Uncle Svay Ming Pot took Heng and hid her at Ta Nget Yeay Mok's house. Tragically, when a US plane dropped a bomb on a Japanese military base, especially at the pagoda of Wat On Loam, Ta Nget, Yeay Mok and Heng, they were killed by the bomb. After finishing work in Pochentong, Lim returned to his hometown. At that time, Lim lost everything, his parents, his girlfriend also died, and Ong Pang Thao dragged his farmland and house to pay off his father's ghost debt.
650 _aកំណែទម្រង់
650 _aកេងប្រវ័ញ្ច
650 _aការព្រាត់ប្រាស់គ្នា
650 _aReforms
650 _aExploit
650 _aDeprivation
942 _2ddc
_cKHB
_n0
999 _c3552
_d3552